000 00724nam a2200241 i 4500
001 bg
100 1 _aŻUREK, Jan
245 1 0 _aModelowanie procesów technologicznych montażu za pomocą sieci Petrirgo /
_cJan Żurek, Paweł Knast.
260 _aPoznań :
_bWydawnictwo Politechniki Poznańskiej,
_c1998.
300 _a91, [1] s. :
_bfot., rys. ;
_c24 cm.
504 _aBibliogr.
650 9 _aMontaż
_xprojekty
_xmetody
650 9 _aMontaż
_xteoria
650 9 _aSieci Petriego
_xstosowanie
_xprzemysł
700 1 _aKNAST, Paweł
020 _a8371430787
040 _cBPK
041 0 _apol
080 _a621.717:519.1
920 _a83-7143-078-7
942 _cKS
008 s pl f |000 0 pol
999 _c52795
_d52795
856 _uhttp://koha.tu.koszalin.pl/cgi-bin/koha/opac-detail.pl?biblionumber=52795
_yKatalog online BPK